Statistiques concernant Appellations Vins de Bordeaux

Cliquez ici pour prendre le quiz!

Statistiques générales

  • Ce quiz a été pris 1 157 fois
  • Le résultat moyen est 14 sur 40

Statistiques - réponses

RégionAppellation% Correct
Rsaint-émilion
82%
Rmédoc
71%
Rhaut-médoc
69%
Rmargaux
69%
R&Bgraves
67%
Bsauternes
67%
Rsaint-estèphe
62%
Rpomerol
60%
Rsaint-julien
60%
R&Bpessac-léognan
56%
Rpauillac
55%
Bentre-deux-mers
48%
Rblaye
43%
Bcôtes-de-blaye
39%
R&Bcôtes-de-bourg
35%
Rmoulis-en-médoc
35%
Rmontagne-saint-émilion
34%
Bbarsac
33%
Rlalande-de-pomerol
33%
Rfronsac
32%
Rsaint-émilion-grand-cru
30%
Bcadillac
27%
Rlistrac-médoc
27%
Rlussac-saint-émilion
26%
Bloupiac
25%
Rcanon-fronsac
21%
Rpuisseguin-saint-émilion
19%
Bsainte-croix-du-mont
19%
Bcérons
17%
Rsaint-georges-saint-émilion
17%
Bgraves-supérieures
15%
R&Bgraves-de-vayres
14%
Rcastillon-côtes-de-bordeaux
13%
Rblaye-côtes-de-bordeaux
12%
Bpremières-côtes-de-bordeaux
12%
Bcadillac-côtes-de-bordeaux
9%
Rfrancs-côtes-de-bordeaux
9%
R&Bsainte-foy-bordeaux
7%
R&Bbordeaux-haut-benauge
6%
Rcôtes-de-bordeaux-saint-macaire
6%

Distribution des résultats

Percentile par nombre de réponses

% des personnes avec chaque résultat

Votre développement - résultats

Vous n’avez pas pris ce quiz